000 00890nmm a2200289 a 4500
001 ocm0001916641
003 TR-IsHL
005 20201028174142.0
008 180922s2018 tu tur
007 cr cn
020 _a9789752441934
035 _a1916641
_b(N$T)
050 0 4 _aPL248.Ö94
_bA5 2018
090 0 4 _aPL248.Ö94
_bA5 2018
100 1 _aÖzer, Yusuf
245 1 0 _aAkıl'sızım
_h[electronic resource] /
_cYusuf Özer ; editör Lilay Koradan
250 _a1. Baskı
260 _aİstanbul :
_bAZ Kitap,
_c2018
300 _a160 p.
650 4 _aDil ve Edebiyat
650 4 _aLanguage and Literature
650 0 _aTürk romanı
650 0 _aTurkish fiction
650 7 _aLITERARY COLLECTIONS / Middle Eastern
_2bisacsh
700 1 _aKoradan, Lilay
856 4 0 _uhttp://search.ebscohost.com/login.aspx?direct=true&scope=site&db=e011xww&AN=1916641
999 _c18018
_d18018